| 000 | 00685cab a2200229 4500 | ||
|---|---|---|---|
| 001 | WB3512-27 | ||
| 008 | 090401t1999 xxu||||| |||| 00| 0 eng d | ||
| 035 | _a(Sirsi) u92400 | ||
| 041 | _aeng | ||
| 245 | _aJapanese property price fall | ||
| 260 | _c1999 | ||
| 350 | _a0 | ||
| 490 |
_aFinancial Times _v26 March 1999, 4(1) |
||
| 520 | _aProperty prices in Japan fell for the eighth year running in 1998, with the rate of decline accelerating, according to a report by the National Land Agency. | ||
| 650 | _a1998 | ||
| 650 | _aJAPAN | ||
| 650 | _aPROPERTY PRICES | ||
| 650 | _aSECURITISATION | ||
| 690 | _aOVERSEAS-REST OF THE WORLD | ||
| 942 | _n0 | ||
| 948 | _c26/03/1999 | ||
| 999 |
_c58582 _d58582 |
||